000 00494cam a2200205 4500
008 #DATE n2002 000 0 eng u
020 _a0406080402
035 _a(Sirsi) u120668
041 _aeng
050 _a340.03
245 _aWords and phrases legally defined
250 _a3rd ed.
260 _aLondon
_bButterworths
_c1988 - 2002
300 _a5 v.
_c25cm.
350 _a5.75
650 _aDICTIONARIES
650 _aLAW
700 _aSaunders, John B.
_xEditor
942 _n0
999 _c102542
_d102542